[Event "87th Tata Steel Masters 2025"]
[Site "Wijk aan Zee"]
[Date "2025.02.01"]
[Round "12.4"]
[White "L'Ami, Erwin"]
[Black "Nogerbek, Kazybek"]
[Result "1/2-1/2"]
[WhiteElo "2614"]
[BlackElo "2514"]
[Annotator "Chessbase - Stockfish 17"]
[PlyCount "120"]
[EventDate "2025.??.??"]
[EventCountry "NED"]

{[%evp 11,120,14,11,7,2,0,0,0,0,0,-14,-42,-45,-42,-43,-43,-39,-46,-51,-44,-34,-62,-47,-48,-50,-52,-44,-41,-31,-48,-41,-45,-47,-56,-53,-51,-62,-64,-52,-57,-57,-56,-58,-61,-60,-54,-20,-20,-20,-31,-11,-26,-20,-36,-11,-15,0,0,0,0,0,0,0,0,0,0,0,-68,-68,-540,-445,-510,-430,-363,-72,-733,0,0,0,0,0,0,0,0,0,0,0,0,0,0,0,0,0,0,0,0,0,0,0,0,0,0,0,0,0,0,0,0,0,0,0]} 1. e4 e5 2. Nf3 Nc6 3. d4 exd4 4. Nxd4 Bc5 5. Nxc6 Qf6 6. Qf3 dxc6 {6...Qxf3 is the modern continuation.} 7. Nc3 {C45: Scotch Game.} Qe7 (7... Be6 8. a3 O-O-O 9. Be3 Bxe3 10. Qxe3 Kb8 11. f4 Qe7 12. Bd3 g5 13. fxg5 h6 14. gxh6 Nxh6 15. O-O-O Ng4 16. Qf4 Qd6 17. e5 Nxe5 18. Qe4 Bd5 19. Nxd5 cxd5 20. Qe1 Rxh2 21. Rxh2 Nxd3+ 22. Rxd3 {Nepomniachtchi,I (2705)-Carlsen,M (2850) Berlin 2015 ½-½}) 8. Bd3 Nf6 9. Be3 (9. h3 Be6 10. Be3 Bd6 11. Qe2 Nd7 12. f4 f6 13. O-O O-O 14. Kh1 Bf7 15. Rae1 Rae8 16. a3 a5 17. Bg1 Qd8 18. Qg4 b5 19. Rd1 Be6 20. Qf3 b4 21. axb4 axb4 22. Ne2 c5 23. b3 Qa8 {Plat,V (2488)-Li,E (2351) Las Vegas USA 2024 ½-½ (53)}) 9... Be6 $146 (9... Ng4 10. Bxc5 Qxc5 11. Qg3 Be6 12. f4 O-O-O 13. f5 Bxf5 14. exf5 Ne3 15. Kd2 Nc4+ 16. Kc1 Nxb2 17. Kxb2 Qb4+ 18. Kc1 Qxc3 19. Rb1 Rd4 20. Rxb7 Qa1+ 21. Rb1 Qxa2 22. f6 g6 23. Qh3+ Rd7 24. Re1 {Jones,G (2660)-McShane,L (2644) Llandudno 2017 1-0 (31)}) 10. Bxc5 Qxc5 11. O-O O-O-O 12. Rfe1 Ng4 13. h3 Ne5 14. Qe3 Qxe3 15. Rxe3 g5 16. Be2 Rd2 17. Rc1 Rhd8 {Strong Rooks Black (d2+d8)} 18. b3 c5 19. Kf1 c6 20. Ke1 {[%cal Yh3h4]} f6 21. Rd1 R2d4 (21... Rxc2 22. Rxd8+ Kxd8 23. Kd1 $16) 22. Nb1 Kc7 23. Rd2 a5 24. Kd1 b5 25. Kc1 a4 26. c3 Rxd2 27. Nxd2 a3 28. c4 b4 29. Nf3 Kd6 30. Ne1 Rh8 31. Bf1 h5 32. g3 Ng6 33. Nd3 g4 (33... h4 {seems wilder.} 34. f4 hxg3 35. f5 Nh4) 34. h4 Ne5 35. Nxe5 Kxe5 {[%mdl 4096] Endgame KRB-KRB} 36. Rd3 $1 {Repels Rd8} Rh7 {[%cal Yh7d7]} (36... Kxe4 $2 37. Re3+ Kd4 38. Rxe6 $18) 37. Kd2 Rf7 (37... Kxe4 $2 38. Re3+ Kd4 39. Bd3 $18 (39. Rxe6 f5 $18)) 38. Bg2 Rb7 {[%cal Ye6c4] [#]} 39. Kc1 (39. Ke2) 39... Rd7 $1 $15 40. Rxd7 $4 {[%mdl 8192] Blunder. Kc2 was best.} (40. Kc2 Rd4 41. Re3 Bf7 42. Bf1 Bg6 43. Bg2 Kd6 44. Bh1 Kc7 45. Bg2 Kd7) 40... Bxd7 {KB-KB} 41. Kd2 Kd4 42. Bf1 Be8 $2 (42... Kxe4 $19 {is more deadly. White must now prevent ...Kf3.} 43. Bd3+ Kf3) 43. e5 $6 {[%mdl 8192] Inaccuracy. Be2 was best.} (43. Be2 Bf7) 43... Kxe5 $4 {Blunder. fxe5 was best.} (43... fxe5 44. Bd3 Bf7) 44. Bd3 {The position is equal.} Kd4 45. Bc2 Bf7 46. Bd3 Be6 47. Kc2 Ke5 (47... f5 $5) 48. Kd2 Bf5 49. Bxf5 Kxf5 {KP-KP. Black is a pawn up.} 50. Ke3 Ke5 51. f4+ gxf3 (51... Kf5 $5) 52. Kxf3 {[#]} Kf5 (52... Kd4 $2 53. g4 Kc3 (53... hxg4+ $2 54. Kxg4 Kc3 55. h5 $18) 54. g5 $18) (52... f5 $5) 53. g4+ $1 hxg4+ 54. Kg3 Ke4 {(  ...f5)} 55. Kxg4 f5+ 56. Kg3 $1 Ke3 57. Kg2 $1 Ke2 {(  ...f4)} (57... Kf4 $5 58. Kh3 Ke3) 58. Kg3 {White threatens Kf4 and mate.} Ke3 {(  ...f4+)} 59. Kg2 $1 Kf4 {(  ...Kg4)} (59... Ke2 $5 60. Kg3 Ke3) 60. Kh3 Ke3 $1 {Weighted Error Value: White=0.29 (precise) /Black=0.24 (precise) Loses game: 	White=2 	--- Missed win: 	--- 	Black=2 Mistake: 	White=1 	--- Inaccurate: 	White=2 	Black=1 OK: 	White=27 	Black=19 Best: 	White=3 	Black=3 Strong: 	White=5 	Black=2 Precisão Stockfish 17: Brancas 94% Pretas 93% Precisão Chess.com: Brancas 94.4% Pretas 95.2%} 1/2-1/2

[Event "87th Tata Steel Masters 2025"]
[Site "Wijk aan Zee"]
[Date "2025.02.01"]
[Round "12.5"]
[White "Deshmukh, Divya"]
[Black "Bok, Benjamin"]
[Result "0-1"]
[WhiteElo "2490"]
[BlackElo "2583"]
[Annotator "Chessbase - Stockfish 17"]
[PlyCount "258"]
[EventDate "2025.??.??"]
[EventCountry "NED"]

{[%evp 20,258,12,-2,29,23,36,0,0,0,0,-18,-21,-21,-30,-24,-14,-27,-28,-17,-19,-25,-18,-20,-20,-22,-20,-21,-13,-19,-12,-16,-8,-8,-8,-18,-22,-26,-18,-33,-16,-21,-21,-17,-16,-15,-14,-17,-15,-29,-32,-64,-56,-49,-54,-52,-35,-37,-29,-29,-29,-51,-51,-184,-63,-107,-47,-52,-41,-47,-45,-30,0,0,0,0,0,-15,0,0,0,0,0,-1,0,0,0,-15,-8,-82,-79,-119,-119,-119,-119,-119,-119,-119,-119,-113,-20,-55,0,-82,-82,-82,-82,-82,-82,-82,-73,-73,-73,-73,-73,-73,-66,-66,-66,-66,-66,-66,-66,-66,-66,-66,-66,-66,-66,-66,-66,-66,-66,-66,-66,-66,-66,-66,-66,-66,-66,-66,-66,-66,-66,-66,-66,-66,-66,-67,-66,-66,-66,-66,-66,-66,-66,-66,-66,-66,-66,-76,-66,-66,-66,-85,-85,-85,-77,-77,-66,-66,-59,-59,-59,-59,-59,-66,-59,-66,-66,-66,-66,-66,-66,-66,-66,-62,-59,-66,-59,-59,-59,-66,-59,-59,-59,-58,-58,-66,-66,-74,-73,-75,-66,-66,-67,-83,-25,-47,-25,-39,-25,-43,-25,-25,-25,-25,-32,-32,-32,-39,-39,-54,-14,-28,-21,-35,-8,-43,-50,-57,-8,-56,-8,-8,-8,-29989,-29989,-29989,-29990]} 1. d4 Nf6 2. c4 e6 3. Nc3 d5 4. Bg5 Be7 5. Nf3 O-O 6. e3 h6 7. Bxf6 Bxf6 8. Rc1 c6 9. Bd3 Nd7 10. O-O a6 11. a3 (11. e4 dxc4 12. Bxc4 e5 13. d5 Nb6 14. Bb3 Bd7 15. Re1 Rc8 16. dxc6 Bxc6 17. Qe2 Qe7 18. Rcd1 Rcd8 19. a3 Rxd1 20. Rxd1 Rd8 21. g3 Rxd1+ 22. Qxd1 Qc5 23. Qd3 Be7 24. Kg2 Qd6 25. Qe3 Bd8 {Gozzoli,Y (2569)-Postny,E (2572) Germany GER 2024 ½-½}) 11... dxc4 $146 {[%mdl 4] An interesting side line. D55: Queen's Gambit Declined: 4 Bg5 Be7: Lines without ...h6 and 6...h6 7 Bxf6.} (11... b5 12. cxd5 (12. cxb5 cxb5 13. a4 b4 14. Ne2 Bb7 15. Bb1 Qb6 16. Qd3 {½-½ (16) Cvitan,O (2481)-Graf,A (2632) Warsaw 2005}) 12... cxd5 13. Bb1 Bb7 14. Ne2 g6 (14... e5 15. dxe5 Nxe5 16. Nxe5 Bxe5 17. Nd4 Qf6 18. Qg4 Rac8 19. Qd7 Rb8 20. Nc6 Bxc6 21. Rxc6 Rfd8 22. Rxf6 Rxd7 23. Rxa6 Bxb2 24. Rd1 d4 25. h4 Rbd8 26. exd4 {Topalov,V (2796)-Carlsen,M (2776) Nice 2009 ½-½}) 15. Nf4 Rc8 16. Qd3 Qe7 17. h4 h5 18. Nxg6 fxg6 19. Qxg6+ Qg7 20. Qxh5 Rfd8 21. Ng5 Nf8 22. Rxc8 Rxc8 23. f4 Bc6 24. Qf3 b4 25. Bd3 bxa3 26. bxa3 {Browne,W (2530)-Vaganian,R (2625) Saint John 1988 ½-½ (49)}) 12. Bxc4 b5 13. Ba2 c5 {The position is equal.} 14. dxc5 Nxc5 15. Nd4 Bb7 $146 (15... Qb6 16. b4 Nd7 17. Ne4 Bb7 18. Nc5 Nxc5 19. bxc5 Qa5 20. c6 Bc8 21. Qd3 Qc7 {0-1 Toshkov,T (2435)-Zlatilov,I (2385) BUL-ch Elenite 1987 (8)}) 16. Ncxb5 axb5 {Black sacrificed a pawn} 17. Rxc5 b4 18. Bb1 Bxd4 (18... bxa3 19. Qc2 Re8 (19... g6 $2 20. Nxe6 Qb6 21. Nxf8 $18) 20. Qh7+ Kf8 21. bxa3 $14) 19. exd4 bxa3 20. bxa3 Rxa3 21. Qc2 g6 {Successful Defense Black Active counter play!} (21... Qxd4 22. Qh7#) 22. Qc1 (22. Qd2 Ra1 23. h3 h5 24. Qc3) 22... Ra1 23. Qxh6 {Counterplay Black} Qxd4 24. Rh5 {[%csl Gh5][%cal Rh6h7,Yc5h5,Yh5h4,Yh4f4][%mdl 32]} Rd8 {[%cal Yb7a6] Chess con chili.} (24... gxh5 25. Qh7#) 25. Rh4 Qf6 26. Qh7+ Kf8 27. Rf4 Qg7 (27... Qxf4 {is more complex.} 28. Qh8+ Ke7 29. Qxa1 Qg4) 28. Qxg7+ Kxg7 29. Bd3 Ra2 30. Bb1 Rb2 31. Ra4 {Repels Ba6} Rdd2 32. Be4 $1 {Repels Bc6} Bc8 33. Raa1 f5 34. Bf3 e5 35. Rad1 e4 36. Rxd2 Rxd2 $15 {[%mdl 4096] Endgame KRB-KRB} 37. Bd1 Bb7 {[%cal Ye4e3]} 38. Re1 Ba6 39. h4 Bb5 40. g3 Rb2 41. Kg2 $2 {Mistake. f3 was best.} (41. f4 $15) (41. f3 Bd3 42. h5 gxh5 43. fxe4 fxe4 44. Bxh5 Kf6 45. Ra1 Ke5 46. Ra8 e3) 41... Kf6 $2 {Mistake. Rb1 was best.} (41... Rb1 42. f3 (42. Rg1 Bc6 43. Be2 e3+ 44. f3 Rb2 45. Re1 Kf6 46. Kh3 Ke5 47. h5) 42... e3 (42... Ba4 43. Bxa4 Rxe1 44. fxe4 $17) 43. Rxe3 Rxd1) 42. h5 $6 {Inaccuracy. Re3 was best.} (42. Re3) 42... Bc6 $6 {Inaccuracy. Rd2 was best.} (42... Rd2 43. Kg1 g5 44. Bb3 Be2 45. Ra1 Bxh5 46. Kf1 Rb2 47. Bd1 Bf3 48. Kg1) 43. Re3 g5 44. Rc3 Bd5 45. Kf1 f4 46. gxf4 gxf4 47. Ke1 {Dodges e3} f3 48. Rc5 Ke5 49. h6 {[%cal Yh5h6,Yh6h7][%mdl 32] And now h7 would win.} Rb7 50. Ra5 Kd4 51. Bc2 Rb6 52. h7 Rh6 53. Ra7 Rh2 (53... Kc3 $5 54. Rc7+ Kd4 (54... Bc4 55. Rxc4+ Kxc4 56. Bxe4)) 54. Rc7 {[#]} (54. Kd1 {keeps the balance.}) 54... Be6 $1 $17 55. Ba4 $6 {Inaccuracy. Bd1 was best.} (55. Bd1 Bf5 56. Ra7 Ke5 57. Rf7 Kf4 58. Bc2 Rh1+ 59. Kd2 Rxh7 60. Rxh7 Bxh7) 55... Bf5 56. Bb5 Bxh7 57. Rd7+ Kc5 58. Ba6 Bf5 59. Rd8 Kb6 $6 {Inaccuracy. Bg6 was best.} (59... Bg6 60. Rc8+ Kd4 61. Rd8+ Ke5 62. Bc4 Bf5 63. Bb5 Rh6 64. Kd2 Rb6 65. Bc4) 60. Rd6+ $6 {Inaccuracy. Bc8 was best.} (60. Bc8) 60... Kc5 {[%cal Ye4e3] (  ...e3!)} (60... Kc7 $5 61. Rf6 Bd7) 61. Rd8 {[#]} e3 $6 {Inaccuracy. Bg6 was best.} (61... Bg6) 62. fxe3 {[#]} f2+ $1 63. Kd1 Bg4+ 64. Kc1 Rh1+ (64... Rh6 {simplifies} 65. Rf8 Rxa6 66. Rxf2 Kc4) 65. Kb2 f1=Q {Against Rf8} (65... f1=R $2 66. Bxf1 Rxf1 67. Rd4 $19) 66. Bxf1 Rxf1 {KRB-KR} 67. Rd4 Be6 68. Kc3 Ra1 69. Kd3 $1 Bd5 70. Ke2 Ra2+ 71. Rd2 Bc4+ 72. Ke1 Ra3 73. Kf2 Bd3 74. Kf3 Kc4 75. Rh2 Ra8 76. Rh4+ Kc3 77. Rd4 Kd2 78. Kf2 Re8 79. Ra4 Re7 (79... Rxe3 80. Ra2+ Kc3 81. Ra3+ Kd4 82. Ra4+ Kc5 83. Rc4+ Kd6 84. Kxe3) 80. Ra2+ Bc2 81. Rb2 Rf7+ (81... Rxe3 82. Rxc2+ Kxc2 83. Kxe3) 82. Kg3 Kd3 83. Ra2 Bd1 84. Ra8 Bf3 85. Ra3+ Ke2 86. Rb3 Be4 87. Kg4 Bd3 88. e4 Ke3 (88... Bxe4 $2 89. Ra3 $19) 89. Ra3 Kxe4 90. Ra4+ Ke3 91. Kg5 Rf5+ 92. Kg4 Rb5 93. Ra3 Rb6 94. Ra5 Rb1 95. Kg5 Rg1+ 96. Kf6 Rg6+ 97. Ke7 Kd4 98. Ra4+ Bc4 99. Ra1 Bd5 100. Re1 Be4 101. Kd7 Ke5 102. Kc7 Rc6+ 103. Kd7 {[%cal Ye1e4]} Rb6 104. Rc1 Rh6 105. Re1 Rh7+ 106. Kc8 Kd5 107. Kd8 Ra7 108. Ke8 Bg6+ 109. Kf8 Kd6 110. Rc1 Be4 111. Re1 Bf5 112. Rc1 Be6 113. Rf1 {Prevents Rf7+.} Ke5 (113... Ra8+ $17 114. Kg7 Rg8+ 115. Kh6 Rg2) 114. Ke8 Bc4 115. Rc1 Ke6 {[%cal Ra7a8]} 116. Kf8 Kf6 {[%cal Ra7a8]} 117. Ke8 $1 Be6 {(  ...Ra8+)} 118. Rf1+ Bf5 {[%cal Ra7a8]} 119. Rd1 $1 Rc7 120. Rd2 Bg4 121. Rd3 Be6 122. Rd1 Rh7 {[%cal Rh7h8]} 123. Kd8 $1 Ke5 124. Ke8 Bd5 125. Re1+ Kd6 (125... Kf4 $15) 126. Kf8 (126. Kd8) 126... Rf7+ (126... Kc5 $15 127. Re5 Kd6) 127. Ke8 $1 Rf3 {(  ...Bc6+)} 128. Rd1 $4 {[%mdl 8192] Checkmate is now unavoidable. Kd8 was best.} (128. Kd8) 128... Rf2 129. Rd4 Re2+ {Weighted Error Value: White=0.13 (very precise) /Black=0.13 (very precise) Loses game: 	White=1 	--- Mistake: 	White=3 	Black=6 Inaccurate: 	White=6 	Black=3 OK: 	White=43 	Black=46 Best: 	White=8 	Black=4 Strong: 	White=6 	Black=2 Precisão Stockfish 17: Brancas 91% Pretas 97% Precisão Chess.com: Brancas 94.5% Pretas 96.3%} 0-1

[Event "87th Tata Steel Masters 2025"]
[Site "Wijk aan Zee"]
[Date "2025.02.01"]
[Round "12.6"]
[White "Nguyen, Thai Dai Van"]
[Black "Bulmaga, Irina"]
[Result "1-0"]
[WhiteElo "2668"]
[BlackElo "2386"]
[Annotator "Chessbase - Stockfish 17"]
[PlyCount "87"]
[EventDate "2025.??.??"]
[EventCountry "NED"]

{[%evp 0,81,28,17,25,-11,51,35,25,25,37,31,42,19,43,42,33,14,31,42,24,-18,-4,-16,-17,8,1,16,60,72,75,85,111,103,81,79,79,79,135,27,85,59,63,-22,91,91,81,88,88,73,93,84,99,109,107,101,151,142,149,163,201,206,219,236,231,235,227,247,271,259,275,257,261,253,243,245,268,274,277,307,318,363,363,475]} 1. d4 Nf6 2. c4 g6 3. Nc3 Bg7 4. e4 d6 5. Be2 O-O 6. Be3 Nc6 7. d5 Ne5 8. Rc1 e6 9. f4 Ned7 10. dxe6 fxe6 11. Nh3 b6 12. O-O Bb7 13. Bf3 (13. Qc2 Qe7 14. Rce1 Rae8 15. Bf3 e5 16. f5 gxf5 17. exf5 e4 18. Be2 Ne5 19. Bg5 Qd7 20. Nd1 Nfg4 21. Rf4 h5 22. Ref1 Qc6 23. Nhf2 e3 24. Ne4 Nf7 25. Bf3 e2 26. Nf6+ Nxf6 27. Bxc6 exf1=Q+ {Pham,K (2399)-Van Dael,S (2275) Maastricht NED 2024 0-1 (41)}) 13... Nc5 $146 (13... Rb8 14. b4 a6 15. Qc2 Qe7 16. Rce1 Kh8 17. a3 Ba8 18. Nf2 Qf7 19. Nd3 Ng8 20. e5 Bxf3 21. Rxf3 Nh6 22. Bf2 dxe5 23. fxe5 Qe7 24. Qe2 Rf5 25. Rxf5 gxf5 26. Qh5 Qe8 27. Qf3 Nf8 28. Ne2 {Osmak,Y (2428)-Assaubayeva,B (2440) Cap d'Agde FRA 2022 0-1 (43)}) 14. Bxc5 bxc5 15. Ng5 Qe8 16. e5 Bxf3 17. Qxf3 dxe5 18. Qh3 exf4 $6 {Inaccuracy. Nh5 was best.} (18... Nh5 19. Nb5) 19. Rce1 $6 {Inaccuracy. Nxe6 was best.} (19. Nxe6 Rf7 20. Rce1 Qd7 21. Rd1 Qc8 22. Qf3 Rb8 23. Rd8+ Qxd8 24. Nxd8 Rxd8) 19... Qd7 20. Rd1 Qc6 $6 {Inaccuracy. Qe7 was best.} (20... Qe7 21. Nxe6 Rfe8 22. Rfe1 Qf7 23. Qf3 Rab8 24. Nxg7 Qxg7 25. Qxf4 Rxe1+ 26. Rxe1) 21. Rxf4 Nh5 22. Rxf8+ Rxf8 23. Qxe6+ Qxe6 24. Nxe6 Bxc3 $6 {Inaccuracy. Re8 was best.} (24... Re8 25. Nxg7 Nxg7 26. Rd7 Re1+ 27. Kf2 Rc1 28. Rxc7 Rc2+ 29. Kf3 Rxb2 30. Nd5) 25. Nxf8 Bd4+ 26. Rxd4 cxd4 27. Ne6 d3 28. Kf2 Kf7 29. Nxc7 d2 $2 {Mistake. Nf4 was best.} (29... Nf4 30. Ke3) 30. Ke2 Nf4+ 31. Kxd2 Nxg2 32. b4 Nh4 33. Ke2 Ke7 34. Nb5 a6 35. Nc7 a5 36. bxa5 Kd7 37. Nb5 Nf5 38. a6 Kc8 39. c5 Ne7 40. Kf3 Nc6 41. a3 h5 42. Kf4 Nd8 $6 {Inaccuracy. Kb8 was best.} (42... Kb8 43. h4 Kc8 44. Kg5 Ne5 45. Kf6 Nd7+ 46. Kxg6 Nxc5 47. a7 Kb7 48. Kxh5) 43. Ke5 g5 $2 {Checkmate is now unavoidable. Kd7 was best.} (43... Kd7 44. Kd5 Nc6 45. a7 Ne7+ 46. Kc4 Nf5 47. a8=Q Ne3+ 48. Kd3 Nd1 49. c6+) 44. Kd5 {1-0 White wins. Precisão Stockfish 17: Brancas 97% Pretas 92% Precisão Chess.com: Brancas 93.1% Pretas 84.3%} 1-0

[Event "87th Tata Steel Masters 2025"]
[Site "Wijk aan Zee"]
[Date "2025.02.01"]
[Round "12.7"]
[White "Gurel, Ediz"]
[Black "Vaishali, Rameshbabu"]
[Result "1-0"]
[WhiteElo "2624"]
[BlackElo "2476"]
[Annotator "Chessbase - Stockfish 17"]
[PlyCount "153"]
[EventDate "2025.??.??"]
[EventCountry "NED"]

{[%evp 13,153,0,19,19,32,21,20,28,26,10,8,3,6,7,0,-28,0,0,0,-29,-3,-12,-14,-14,0,-14,54,60,52,52,69,64,54,52,82,82,91,85,121,124,219,195,283,233,300,299,304,287,332,323,329,132,91,68,75,73,70,77,71,7,1,0,0,3,10,9,69,76,173,174,160,161,139,88,192,195,191,191,198,196,175,128,128,128,128,53,180,164,164,164,164,164,162,162,167,157,162,175,175,175,2181,2249,2113,1897,29975,6195,29977,29978,29978,29979,29979,29980,29980,29981,29981,29982,29982,29983,29983,29984,29984,29984,29984,29984,29983,29982,29984,29984,29984,29985,29985,29984,29985,29986,29989,29990,29990,29991,29991,29992,29995,29996]} 1. e4 e6 2. d4 d5 3. Nc3 Nf6 4. e5 Nfd7 5. f4 c5 6. Nf3 Nc6 7. Be3 a6 8. Ne2 {C11: French: Classical System: 4 e5 and 4 Bg5 dxe4.} Qb6 {The main line 8...Qb6 scores better than 8...b5.} 9. Qc1 Be7 10. c3 {The position is equal.} f6 11. h4 {11.exf6 is not played anymore.} O-O 12. h5 (12. Rh3 cxd4 13. cxd4 Rf7 14. h5 fxe5 15. fxe5 Nf8 16. Kf2 Bd7 17. Kg1 Rc8 18. Qd2 Qb4 19. Nc3 Na5 20. h6 g6 21. Bg5 Nc4 22. Bxc4 Rxc4 23. Bxe7 Rxe7 24. a3 Qb6 25. Rh4 Bc8 26. Ng5 Nd7 {Tan,J (2507)-Chow,S (2348) England ENG 2025 1-0 (31)}) 12... h6 13. Rh3 Rf7 14. a3 $6 $146 {[%mdl 8] Inaccuracy. Kf2 was best. A relevant novelty.} (14. Kf2 fxe5 15. fxe5 cxd4 16. cxd4 Bg5 17. Kg1 Bxe3+ 18. Qxe3 Qxb2 19. Rc1 Ne7 20. Nh4 Nb6 21. Nc3 Nc4 22. Bxc4 dxc4 23. Rb1 Qc2 24. Rc1 Qb2 25. Rb1 Qc2 26. Rc1 Qb2 {½-½ (26) Van Foreest,J (2699)-Bacrot,E (2660) Linares ESP 2023}) (14. Rg3 f5 (14... Qa5 15. Bd2 Qc7 16. Qc2 b5 17. O-O-O f5 18. Ng5 hxg5 19. fxg5 cxd4 20. cxd4 Nb6 21. g6 Rf8 22. h6 Nc4 23. Kb1 f4 24. Bxf4 gxh6 25. Bxh6 Rf5 26. Rh3 Qa5 27. Qc1 Bd7 28. g4 Rxf1 {Lu,M (2252)-Stella,A (2401) Seville ESP 2024 1-0 (46)}) 15. Kf2 a5 16. a4 Qd8 17. Rh3 b6 18. Kg1 Ba6 19. Qd1 b5 20. dxc5 Bxc5 21. Nfd4 Nxd4 22. Nxd4 Bxd4 23. Qxd4 bxa4 24. Bxa6 Rxa6 25. Qxa4 Nb8 26. Qb5 Qc8 27. Rxa5 Rb7 28. Qc5 Qxc5 {Ilinca,F (2386)-Suarez Gomez,J (2492) Linares ESP 2024 1-0 (41)}) 14... cxd4 15. cxd4 Na5 {aiming for ...Nb3.} 16. Qc2 $6 {Inaccuracy. Rb1 was best.} (16. Rb1) 16... Nc4 17. Bc1 Qa5+ 18. Kd1 {[%cal Ye1d1,Yd1c2,Yc2b2][%mdl 32]} fxe5 19. fxe5 Ndb6 (19... Qb6) 20. b3 $1 $14 Bd7 $1 {[%cal Ya8c8]} 21. Qc3 (21. bxc4 $2 Ba4 22. c5 Bxc2+ $19) 21... Qxc3 22. Nxc3 Na5 23. Kc2 Rc8 {[%cal Ye7g5]} 24. Kb2 Na8 25. Bd3 b5 26. Ne2 Be8 $6 {Inaccuracy. b4 was best.} (26... b4 27. a4) 27. Bd2 Nc6 (27... b4) 28. Rg3 $18 Kh8 29. Nf4 Rxf4 30. Bxf4 Nb6 31. Rc1 Rb8 32. Rh3 $2 {Mistake. Ka2 was best.} (32. Ka2 Bd7 33. Rg6 Rc8 34. Bd2 Bd8 35. Kb2 Rb8 36. Bb1 Nc4+ 37. bxc4 bxc4+) 32... Nc4+ $16 33. bxc4 $6 {Inaccuracy. Ka1 was best.} (33. Ka1) 33... bxc4+ 34. Ka2 cxd3 35. Bd2 {Against Na5} Bd8 36. Bc3 $6 {Inaccuracy. Rd1 was best.} (36. Rb1 $16) (36. Rd1 Ne7) 36... Na5 37. Nd2 $36 {[%cal Yc1f1][%mdl 2048] White is pushing.} Bb5 38. a4 Bxa4 39. Rxd3 Bb5 (39... Nc6 $1) 40. Rf3 $14 Bb6 $6 {Inaccuracy. Nc6 was best.} (40... Nc6) 41. Bxa5 $1 $18 Bxa5 42. Nb3 Bb4 43. Nc5 $6 {Inaccuracy. Rc7 was best.} (43. Rc7 Be2) 43... Re8 $2 {Mistake. Bc4+ was best.} (43... Bc4+ 44. Ka1 Re8) 44. Kb3 $1 a5 45. Rc2 {Against Be2} Kg8 46. Nd3 $6 {Inaccuracy. Nb7 was best.} (46. Nb7 Rb8 47. Rc7 Bf8 48. Ka2 Bc4+ 49. Ka1 Bb4 50. Nc5 Bd2 51. Nxe6 Bc1) 46... Bc4+ 47. Rxc4 (47. Ka4 $18) 47... dxc4+ $16 48. Kxc4 $18 {[%mdl 4096] Endgame KRB-KRN} Rb8 49. Rf2 $6 {Inaccuracy. Nxb4 was best.} (49. Nxb4 Rxb4+ (49... axb4) 50. Kc5) 49... Rc8+ $6 {Inaccuracy. Be7 was best. This costs Black the game.} (49... Be7) 50. Nc5 Re8 51. Rf3 Rc8 52. Kb5 Rb8+ {[#]} 53. Kc6 $1 {Kd7 is the strong threat.} Rc8+ 54. Kb6 Re8 55. Kb7 Re7+ 56. Kc6 Rf7 $4 {Blunder. Bd2 was best.} (56... Ra7 57. Kb6 (57. Nxe6 a4 $16) 57... Re7) (56... Bd2 57. Kd6 Ra7 58. Na4 Ra6+ 59. Kd7 Be1 60. Nc5 Ra7+ 61. Kxe6 a4 62. Rf1) 57. Rxf7 (57. Nxe6 a4 58. Nc5 (58. d5 a3) 58... a3) 57... Kxf7 {[#] KB-KN} 58. Kd7 $1 g5 $6 {Inaccuracy. g6 was best.} (58... g6 59. Nxe6 a4 60. Nc5 Bxc5 61. e6+ Kg7 62. dxc5 a3 63. e7 a2 64. e8=Q) 59. Nxe6 {White wants to mate with Nc5.} a4 60. Nc5 {White mates.} Bxc5 61. dxc5 {KP-KP. White is a pawn up.} a3 62. e6+ Kg7 63. e7 a2 64. e8=Q (64. e8=B $2 a1=Q (64... a1=B $2 {too greedy.} 65. c6 $18) 65. Bg6 Kf6 $19) 64... a1=Q {KQ-KQ. White is a pawn up.} 65. Qg6+ Kf8 66. Qxh6+ Kf7 67. Qg6+ Kf8 68. Qf5+ Kg8 69. Qxg5+ Kh8 70. c6 {[%cal Yc5c6,Yc6c7][%mdl 32]} Qd4+ 71. Kc8 Qc4 $6 {Inaccuracy. Qa1 was best.} (71... Qa1 72. Qd5 Qa8+ 73. Kd7 Qa1 74. c7 Qa4+ 75. Kc8 Qf4 76. Kb7 Qb4+ 77. Ka8) 72. Qe5+ Kh7 73. c7 Qa6+ $2 {Checkmate is now unavoidable. Kg8 was best.} (73... Kg8 74. g3 Kf7 75. Qf4+ Qxf4 76. gxf4 Ke7 77. Kb8 Kf6 78. c8=Q Kg7 79. Kb7) 74. Kd8 Qb6 75. Kd7 Qa7 76. Qe4+ Kh8 77. h6 {Weighted Error Value: White=0.13 (very precise) /Black=0.49 Missed win: 	White=1 	--- Mistake: 	White=4 	Black=8 Inaccurate: 	White=2 	Black=2 OK: 	White=23 	Black=20 Best: 	White=4 	Black=4 Strong: 	White=3 	Black=1 Precisão Stockfish 17: Brancas 93% Pretas 91% Precisão Chess.com: Brancas 89.3% Pretas 82.3%} 1-0